000 00295 a2200145 4500
001 174098
020 _a
040 _cMagnum
100 _aCarraher, Terezinha Nunes
240 1 0 _aAprender pensando
_lpor
245 1 0 _aAprender pensando
362 0 _a1899
697 _aENSINO
942 _cBK
999 _c174098
_d174098